Manuale di patologia medica Vol. 1
Uložené v:
| Hlavný autor: | |
|---|---|
| Médium: | Kniha |
| Jazyk: | Italian |
| Vydané: |
Torino :
Edizioni Minerva-Medica,
1959.
|
| Fyzický popis: |
1127 s. |
| Tagy: |
Pridať tag
Žiadne tagy, Buďte prvý kto otaguje tento záznam!
|
Titul je dostupný aj v ... 

MARC
| LEADER | 00000nam a2200000 a 4500 | ||
|---|---|---|---|
| 001 | 000199208 | ||
| 005 | 20100614192546.0 | ||
| 008 | 040101 1959 it ita d | ||
| 041 | 0 | |a ita | |
| 044 | |a it |c IT | ||
| 100 | 1 | |a Campanacci, Domenico |4 aut | |
| 245 | 1 | 0 | |a Manuale di patologia medica |n Vol. 1 |
| 260 | |a Torino : |b Edizioni Minerva-Medica, |c 1959. | ||
| 300 | |a 1127 s. | ||
| 910 | |a svkkk | ||
| 998 | |a BK | ||
| 090 | |g SCKHL |k Sklad |a IV.35921 |j 352216 |i 2720014628 |s Prezenčne | ||